000 01292nam0a22003011 4500
001 rc\111836
005 20230810105104.0
010 _a5-85165-302-7
_9100
035 _a(NLR Aleph) 005371969
090 _a7009724
_c7009724
100 _a20021216d1996 u |0rusy50 ca
101 0 _arus
102 _aRU
105 _aa |||||||||
200 1 _aСТЕНДЫ инспекции, ремонта и реконструкции ТВС
_e[Обзор по отеч. и зарубеж. источникам 1976-1991 гг.]
_fМ-во Рос. Федерации по атом. энергии. Гос. науч. центр Рос. Федерации "НИИ атом. реакторов"
_g[Павлов С.В.]
210 _aДимитровград
_cНИИАР
_d1996
215 _a45 с.
_cил.
_d20
300 _aОписано по обл. На тит. л. только подзаг.
320 _aБиблиогр.: с. 42-45
320 _aНа обл.: НИИАР 40 лет
701 1 _aПавлов
_bС. В.
_gСергей Владленович
712 0 2 _aНИИ атомных реакторов
_cДимитровград
_3RU\NLR\AUTH\886948
801 0 _aRU
_bNLR
_gpsbo
801 1 _aRU
_bELAR
_2rusmarc
852 _aNLR
_j97-4/10550
942 _cBOOK
980 _aNB